LEADER 01576nam0 22003613i 450 001 CAG0020776 005 20170908093237.0 100 $a19950517d1982 ||||0itac50 ba 101 | $aita 102 $ait 181 1$6z01$ai $bxxxe 182 1$6z01$an 200 1 $aMan Ray$eassemblages, dipinti, fotografie, disegni dal 1912 al 1972$ftesti Flavio Caroli, Giuseppe Bonini 210 $aParma$cGalleria d'Arte Niccoli$dc1982 215 $a69 p.$cill.$d27 cm. 225 | $aAttraverso le avanguardie$v1 410 0$1001CFI0068550$12001 $aAttraverso le avanguardie$v1 606 $aRay, Man$2FIR$3NAPC020361$9I 676 $a709.73$9Storia, geografia, persone delle belle arti e arti decorative. Sati Uniti$v12 700 1$aCaroli$b, Flavio$3CFIV000155$4070$0169746 701 1$aBonini$b, Giuseppe$3NAPV079753$4070$036761 702 0$aMan Ray$3CFIV000069 790 1$aMan$b, Ray$3CFIV170308$zMan Ray 790 1$aRay$b, Man$3CFIV170309$zMan Ray 790 1$aRadnitzsky$b, Emmanuel$3CFIV171257$zMan Ray 801 3$aIT$bIT-NA0079$c19950517 850 $aIT-SA0203$aIT-NA0598 912 $aCAG0020776 950 0$aBiblioteca della Fondazione Filiberto Menna-Centro studi d'arte contemporanea$d FMF.MENNA F V - 14$e FMDON0000039175 B FD 1 op.$fC $h19891010$i20130919 950 0$aBiblioteca Fondazione Morra$c1 op.$d MODAD RAYM 0002$e MO 0000003675 B 1 op.$fZ $h20070327$i20070327 977 $a FM$a MO 996 $aMan Ray$91482926 997 $aUNISANNIO LEADER 01623nlm0 22004451i 450 001 990009253830403321 010 $a9783540695011 035 $a000925383 035 $aFED01000925383 035 $a(Aleph)000925383FED01 035 $a000925383 100 $a20100926d2008----km-y0itay50------ba 101 0 $aeng 102 $aDE 135 $adrnn-008mamaa 200 1 $aAlgorithms and Architectures for Parallel Processing$bRisorsa elettronica$e8th International Conference, ICA3PP 2008, Cyprus, June 9-11, 2008 Proceedings$fedited by Anu G. Bourgeois, S. Q. Zheng 210 $aBerlin ; Heidelberg$cSpringer$d2008 225 1 $aLecture Notes in Computer Science$x0302-9743$v5022 230 $aDocumento elettronico 336 $aTesto 337 $aFormato html, pdf 702 1$aBourgeois,$bAnu G. 702 1$aZheng,$bS. Q. 801 0$aIT$bUNINA$gREICAT$2UNIMARC 856 4 $zFull text per gli utenti Federico II$uhttp://dx.doi.org/10.1007/978-3-540-69501-1 901 $aEB 912 $a990009253830403321 961 $aAlgorithm Analysis and Problem Complexity 961 $aComputation by Abstract Devices 961 $aComputer network architectures 961 $aComputer science 961 $aComputer Science 961 $aComputer simulation 961 $aComputer software 961 $aComputer Systems Organization and Communication Networks 961 $aSimulation and Modeling 961 $aSoftware engineering 961 $aSoftware Engineering/Programming and Operating Systems 996 $aAlgorithms and Architectures for Parallel Processing$9773147 997 $aUNINA